Statystyki dla Kierowcy F1 2018

Kliknij tutaj aby rozwiązać quiz!

Ogólne statystyki

  • Ten quiz został rozwiązany 64 razy
  • Średni wynik to 17 z 20

Statystyki odpowiedzi

ZespółKierowca% Poprawnych
Mercedes AMG Petronas MotorsportLewis Hamilton
100%
Valtteri Bottas
98%
Max Verstappen
96%
Scuderia FerrariSebastian Vettel
96%
Sahara Force India F1 Team/
Racing Point Force India F1 Team
Sergio Perez
96%
McLaren F1 TeamFernando Alonso
94%
Williams Martini RacingLance Stroll
94%
Aston Martin Red Bull RacingDaniel Ricciardo
92%
Kimi Raikkonen
92%
Esteban Ocon
90%
Kevin Magnussen
88%
Red Bull Toro Rosso HondaPierre Gasly
88%
Charles Leclerc
86%
Haas F1 TeamRomain Grosjean
86%
Carlos Sainz
84%
Renault Sport Formula One TeamNico Hulkenberg
82%
Alfa Romeo Sauber F1 TeamMarcus Ericsson
63%
Sergey Sirotkin
55%
Brendon Hartley
53%
Stoffel Vandoorne
51%

Rozkład punktacji

Percentyl według liczby udzielonych odpowiedzi

Procent ludzi z każdym wynikiem

Twoja historia wyników

Nie rozwiązałeś tego quizu